Physique appliquée en 30 fiches (Record no. 45881)

MARC details
000 -LEADER
fixed length control field 00732 a2200301 4500
003 - CONTROL NUMBER IDENTIFIER
control field 0
005 - DATE AND TIME OF LATEST TRANSACTION
control field 20160609164845.0
008 - FIXED-LENGTH DATA ELEMENTS--GENERAL INFORMATION
fixed length control field 090304t xxu||||| |||| 00| 0 eng d
020 ## - NUMERO INTERNATIONAL NORMALISE DES LIVRES
International Standard Book Number 2-10-050707-8
037 ## - SOURCE OF ACQUISITION
Source of stock number/acquisition 2, CIUF
037 ## - SOURCE OF ACQUISITION
Stock number 08/587
037 ## - SOURCE OF ACQUISITION
Stock number 08/588
040 ## - SOURCE DU CATALOGAGE
Transcribing agency EPAC
100 ## - VEDETTE PRINCIPALE - NOM DE PERSONNE
Personal name Dumenil, Gilles
9 (RLIN) 42
100 ## - VEDETTE PRINCIPALE - NOM DE PERSONNE
Language of a work Fr
9 (RLIN) 43
245 ## - TITLE STATEMENT
Title Physique appliquée en 30 fiches
260 ## - PUBLICATION, DISTRIBUTION, ETC. (IMPRINT)
Place of publication, distribution, etc Paris
260 ## - PUBLICATION, DISTRIBUTION, ETC. (IMPRINT)
Name of publisher, distributor, etc Dunod
260 ## - PUBLICATION, DISTRIBUTION, ETC. (IMPRINT)
Date of publication, distribution, etc 2007
300 ## - PHYSICAL DESCRIPTION
Extent 157p.
300 ## - PHYSICAL DESCRIPTION
Other physical details 21 cm
440 ## - SERIES STATEMENT/ADDED ENTRY--TITLE
Title Express Sciences
9 (RLIN) 44
630 ## - SUBJECT ADDED ENTRY--UNIFORM TITLE
Uniform title 62 - Ingenierie. Art de lingenieur. Technologie en general
9 (RLIN) 45
650 ## - SUBJECT ADDED ENTRY--TOPICAL TERM
Topical term or geographic name as entry element 6 - SCIENCES APPLIQUEES
9 (RLIN) 46
650 ## - SUBJECT ADDED ENTRY--TOPICAL TERM
Topical term or geographic name as entry element Technique : physique
9 (RLIN) 47
942 ## - ADDED ENTRY ELEMENTS (KOHA)
Koha item type Livre
Holdings
Withdrawn status Lost status Damaged status Not for loan Location (home branch) Sublocation or collection (holding branch) Date acquired Koha issues (times borrowed) Koha full call number Koha date last seen Price effective from Koha item type Source of acquisition Serial Enumeration / chronology
        Bibliothèque Ecole Polytechnique d'Abomey-Calavi Bibliothèque Ecole Polytechnique d'Abomey-Calavi 04/03/2009   537/D885p 04/03/2009 04/03/2009   Don 15147
        Bibliothèque Universitaire Centrale Bibliothèque Universitaire Centrale 28/02/2009   621 DUM 28/02/2009 28/02/2009 Livre    


© 2008, Bibliothèques de l'Université d'Abomey-Calavi

04 BP 789 Cotonou, Tél. : +229 21 36 01 01, Fax : +229 21 35 06 32

Courriel : bu@bu.uac.bj